Fundamentals of corporate finance / (Record no. 3270)
[ view plain ]
| 000 -LEADER | |
|---|---|
| fixed length control field | 01104pam a2200337ui 4500 |
| 003 - CONTROL NUMBER IDENTIFIER | |
| control field | UkOxU |
| 005 - DATE AND TIME OF LATEST TRANSACTION | |
| control field | 20211028130806.0 |
| 008 - FIXED-LENGTH DATA ELEMENTS--GENERAL INFORMATION | |
| fixed length control field | 160504s2015 nyua b 001 0 eng d |
| 020 ## - INTERNATIONAL STANDARD BOOK NUMBER | |
| International Standard Book Number | 9789814670944 |
| 040 ## - CATALOGING SOURCE | |
| Transcribing agency | StDuBDS |
| 042 ## - AUTHENTICATION CODE | |
| Authentication code | ukblcatcopy |
| 049 ## - LOCAL HOLDINGS (OCLC) | |
| Holding library | CROBAR |
| 050 ## - LIBRARY OF CONGRESS CALL NUMBER | |
| Classification number | HG4026 |
| Item number | .B74 2015 |
| 100 1# - MAIN ENTRY--PERSONAL NAME | |
| Personal name | Brealey, Richard A. |
| 245 10 - TITLE STATEMENT | |
| Title | Fundamentals of corporate finance / |
| Statement of responsibility, etc. | Richard A. Brealey, Stewart C. Myers, Alan J. Marcus. |
| 250 ## - EDITION STATEMENT | |
| Edition statement | 8th ed. |
| 264 #1 - PRODUCTION, PUBLICATION, DISTRIBUTION, MANUFACTURE, AND COPYRIGHT NOTICE | |
| Place of production, publication, distribution, manufacture | New York : |
| Name of producer, publisher, distributor, manufacturer | McGraw-Hill/Irwin, |
| Date of production, publication, distribution, manufacture, or copyright notice | c2015. |
| 300 ## - PHYSICAL DESCRIPTION | |
| Extent | 1 v. (various pagings) : |
| Other physical details | illustrations ; |
| Dimensions | 28 cm |
| 336 ## - CONTENT TYPE | |
| Content type term | text |
| Source | rdacontent |
| 337 ## - MEDIA TYPE | |
| Media type term | unmediated |
| Source | rdamedia |
| 338 ## - CARRIER TYPE | |
| Carrier type term | volume |
| Source | rdacarrier |
| 500 ## - GENERAL NOTE | |
| General note | "McGraw-Hill international edition"--Cover. |
| 500 ## - GENERAL NOTE | |
| General note | "This international student edition is for use outside of the U.S."--Cover. |
| 500 ## - GENERAL NOTE | |
| General note | Formerly CIP. |
| Institution to which field applies | Uk |
| 504 ## - BIBLIOGRAPHY, ETC. NOTE | |
| Bibliography, etc. note | Includes bibliographical references and index. |
| 650 #0 - SUBJECT ADDED ENTRY--TOPICAL TERM | |
| Topical term or geographic name entry element | Corporations |
| General subdivision | Finance. |
| 700 1# - ADDED ENTRY--PERSONAL NAME | |
| Personal name | Myers, Stewart C. |
| 700 1# - ADDED ENTRY--PERSONAL NAME | |
| Personal name | Marcus, Alan J. |
| 942 ## - ADDED ENTRY ELEMENTS (KOHA) | |
| Source of classification or shelving scheme | |
| Koha item type | Book |
| Suppress in OPAC | SO |
| Withdrawn status | Lost status | Source of classification or shelving scheme | Damaged status | Not for loan | Permanent Location | Current Location | Shelving location | Date acquired | Source of acquisition | Total Checkouts | Full call number | Barcode | Date last seen | Price effective from | Koha item type | Public note |
|---|---|---|---|---|---|---|---|---|---|---|---|---|---|---|---|---|
| AU LIBRARY | AU LIBRARY | Open Shelf | 28.10.2021 | DONATION FROM CAPITAL MARKET AUTHORITY | HG4026 .B74 2015 | 28004470 | 28.10.2021 | 28.10.2021 | Book | SO |